Quizzes
Events
Quiz Creation
Community
Videos
Private Events
Remove Ads
Sign In
Join for FREE
Feedback
Dark Mode
Quiz Categories
Sports
Geography
Music
Movies
Television
Just For Fun
Miscellaneous
History
Literature
Language
Science
Gaming
Entertainment
Religion
Holiday
For Kids
Quiz Lab
Recent
Popular Today
Quiz Kudos Today
Editor Picks
Curator Picks
Quizzes by...
Day
Popularity
Type
Ratings
Length
Year
Community
Subscriptions
Recent Discussions
Orange Saloon
Badges
Playlists
Quests
Create
Leaderboards
Showdown
Live 5
Trivia Bingo
Activity
Puzzle Library
Sporcle Events
Private Events
Virtual Trivia
Globe League
Become a Host
Pub Owners
SporcleCon
Opinionation
Our Games
Videos
Blog
Mobile Apps
Partnerships
Remove Ads and Go Orange
Feedback
Movies
Disney
Marvel Cinematic Universe
Movie Resume
Movie Titles
Oscar
Actor
Actress
Director
Pixar
Role
Movie Quotes
Movie Characters
Box Office
Nominee
Best Picture
Star Wars
James Bond
Horror Movies
Movies
Disney
Marvel Cinematic Universe
Movie Resume
Movie Titles
Oscar
Actor
Actress
Director
Pixar
Role
Movie Quotes
Movie Characters
Box Office
Nominee
Best Picture
Star Wars
James Bond
Horror Movies
Random Quiz
Search Sporcle
×
Quiz Lab
Quiz Lab
Movies
Character
Type in answers that appear in a list
Type in answers that appear in a list
Classic
Best Score? Go Orange.
Movie Bad***es by hint Stats
Can you name the Movie Bad***es by hint?
By
nlieswyn
8m
38 Questions
494 Plays
494 Plays
494 Plays
Comments
Comments
Give Quiz Kudos
Give Quiz Kudos
-
- Ratings
hide this ad
More Info
Replay
Link that replays current quiz
Next Quiz
Link to next quiz in quiz playlist
You Got
0%
They Got
Avg Score
36%
Avg Friend Score
Upgrade to see
Score Distribution
Jump to the score distribution portion of the page
Score
0/38
Timer
08:00
0
Plays Today
Hint
Character
% Correct
Did I ever tell you how i got these scars
The Joker
81.6%
Red Pill Blue Pill
Neo
66.2%
FREEDOM!
William Wallace
66%
Shaken not stirred.
James Bond
64.6%
Remember November 5th
V
64%
Best bounty hunter in the galaxy
Boba Fett
63%
Do you feel lucky?
Harry Callahan
62.6%
Yippee-
Ki-
yay
John McClane
61.3%
Not a fan of snakes
Indiana Jones
57.1%
Coolest Soap Salesman ever
Tyler Durden
55.5%
A barbarian not a late night host
Conan the Barbarian
52.4%
Dont fall asleep
Freddy Krueger
52.2%
Adamantium makes him hard to kill
Wolverine
51%
Coolest athsmatic in the galaxy
Darth Vader
50.6%
Are you not entertained?
Maximus Decimus Meridius
42.7%
He's not flying he's falling with style
Buzz Lightyear
40.3%
Just give him his carpet dude.
Jeffrey Lebowski
38.3%
This is Sparta
King Leonidas
38.1%
A census taker once tried to test him.
Hannibal Lecter
36.4%
Hint
Character
% Correct
Dont give him an ultimatum
Jason Bourne
36%
A very malleable killing machine
T-1000
33.6%
Escaped from New York and Los Angeles
Snake Plissken
32.8%
50 eggs in one hour!
Luke Jackson
29.1%
His face looks like an inkblot
Rorschach
28.1%
Vampires Beware
Blade
27.9%
Dont lose his cointoss
Anton Chigurh
25.9%
Ezekiel 25:17
Jules Winnfield
15.4%
That rope really came in handy for these brothers
Connor and Murphy MacManus
14.6%
A purple cobra
White Goodman
14%
Santa's helper whos good with bow and arrow
Legolas
13.8%
Probably cut his face sometime during childhood
Tony Montana
13.2%
Enjoys the good ol fashioned American cheeseburger
Tony Stark
9.9%
A wild thing
Ricky Vaughn
9.1%
I strongly recommend following his rules
Jigsaw
8.7%
Make sure she's dead first.
Beatrix Kiddo
8.5%
There are no friendly civilians
John Rambo
7.1%
If your into adult entertainment then date this man
Travis Bickle
2.8%
Kidnappers Beware!
Bryan Mills
1.2%
Quiz Playlist
Details
Report
Send in Message
Add To Playlist
More Info:
Every man wishes to be like them, except for one.
Classic:
Type in answers that appear in a list
Last Updated: Feb 16, 2017
Quiz Scoreboard
CHALLENGE
Sign Up to Join the Scoreboard
Show All
Scores
Hide
Comments
May contain spoilers
Recently Published
Alphabetical 'K' Countries by Flag Minefield
by ylime102
Geography
3m
Pick 6: Fruits
by JohnFran
Miscellaneous
15s
Click the 1999 NBA Draft
by nibperrychub
Sports
2m
More to Explore
Quiz From the Vault
Featured Blog Post
15 Basketball Trivia Facts You Can Be March Mad About
hide this ad
You Might Also Like...
Tags
Character
Today's Top Quizzes in Movies
Browse Movies
hide this ad
Today's Top Quizzes in Character
Browse Character
Top Contributed Quizzes in Movies
1
Pick 6: Harry Potter
2
Pick 6: Movie Franchises
3
Pick 6: Actors
4
Pick 6: Actresses
5
Pick 6: Disney Princesses
6
Match The President To The Fictional Crisis
7
Movies of the Seasons
8
Harry Potter Logic Puzzle
9
Seasonal Films
10
10 Quentin Tarantino Movies in Order
Explore More
Trending Topics
Anime
Harry Potter
Marvel
Crossword
Disney
NBA
Kpop
Soccer
NFL
Song
The Office
Puzzle
WWE
Country
Pokémon
hide this ad
More By:
nlieswyn
Quiz
Plays
Rating
Category
Featured
Created
NFL Starting QBs (Detroit Lions)
49,553
4.48
Sports
Dec 20, 2009
Unscramble the countries III
706
3.69
Geography
Jan 21, 2010
Unscramble the countries
700
3.75
Geography
Dec 16, 2009
Movie Bad***es by hint
494
2.30
Movies
Jan 20, 2010
Passing Yards Leaders All-time per team
382
4.33
Sports
Dec 16, 2009
Go to Creator's Profile
Score Distribution
Quiz Creator Spotlight
nlieswyn
Follow
Send a Message
Quizzes Created
-
Created Quiz Play Count
-
More By This Creator
Popular Quizzes Today
1
Countries of Asia Without Outlines Minefield
2
Find the US States - No Outlines Minefield
3
Pick 6: Fruits
4
Alphabetical 'K' Countries by Flag Minefield
5
The Countries of the World
6
Find the US States
7
US States
8
Match the Book to the Film X
More Movies Quizzes
Mixed Word: Denzel Washington Movies
Curator's Pick
Trending Quizzes
Pick 6: Harry Potter
Pick 6: Mountains
Pick 6: NFL Teams
Pick 6: Flags
Pick 6: Movie Franchises
Recently Updated
NWSL Teams
pecheneg
Women's Final Four Teams by Year
bhenderson79
Presidents Quartet II
eogle
Anything But Clue(do)
eogle
Anything But Oceanian Capitals
eogle
Anything But 7
eogle
Anything But Thing
eogle
Word Ladder: February 29
pecheneg
Song Title Questions
pecheneg
Women's NCAA Tournament #1 Seeds
pecheneg
Trending Topics
Harry Potter
Marvel
Anime
Crossword
NBA
Kpop
Disney
WWE
Country
The Office
NFL
Pokémon
Puzzle
Song
Soccer
Your Account Isn't Verified!
In order to create a playlist on Sporcle, you need to verify the email address you used during registration. Go to your
Sporcle Settings
to finish the process.
Report this User
Report this user for behavior that violates our
Community Guidelines
.
Details:
Send Report
Go to the Sporcle.com Mobile Site →
Comments